World Economic Outlook, October 2007 : Globalization and Inequality.

The global economy grew strongly in the first half of 2007, although turbulence in financial markets has clouded prospects. While the 2007 forecast has been little affected, the baseline projection for 2008 global growth has been reduced by almost 1\2 percentage point relative to the July 2007 World...

ver descrição completa

Detalhes bibliográficos
Autor Corporativo: International Monetary Fund. Research Dept
Formato: Periódico
Idioma:English
Publicado em: Washington, D.C. : International Monetary Fund, 2007.
Colecção:World Economic Outlook; World Economic Outlook ; No. 2007/002
Acesso em linha:Full text available on IMF
LEADER 02187cas a2200241 a 4500
001 AALejournalIMF015657
008 230101c9999 xx r poo 0 0eng d
020 |c 50.00 USD 
020 |z 9781589066885 
022 |a 0256-6877 
040 |a BD-DhAAL  |c BD-DhAAL 
110 2 |a International Monetary Fund.  |b Research Dept. 
245 1 0 |a World Economic Outlook, October 2007 :   |b Globalization and Inequality. 
264 1 |a Washington, D.C. :  |b International Monetary Fund,  |c 2007. 
300 |a 1 online resource (276 pages) 
490 1 |a World Economic Outlook 
500 |a <strong>Off-Campus Access:</strong> No User ID or Password Required 
500 |a <strong>On-Campus Access:</strong> No User ID or Password Required 
506 |a Electronic access restricted to authorized BRAC University faculty, staff and students 
520 3 |a The global economy grew strongly in the first half of 2007, although turbulence in financial markets has clouded prospects. While the 2007 forecast has been little affected, the baseline projection for 2008 global growth has been reduced by almost 1\2 percentage point relative to the July 2007 World Economic Outlook Update. This would still leave global growth at a solid 4 3/4 percent, supported by generally sound fundamentals and strong momentum in emerging market economies. Risks to the outlook, however, are firmly on the downside, centered around the concern that financial market strains could deepen and trigger a more pronounced global slowdown. Thus, the immediate focus of policymakers is to restore more normal financial market conditions and safeguard the expansion. Additional risks to the outlook include potential inflation pressures, volatile oil markets, and the impact on emerging markets of strong foreign exchange inflows. At the same time, longer-term issues such as population aging, increasing resistance to globalization, and global warming are a source of concern. 
538 |a Mode of access: Internet 
830 0 |a World Economic Outlook; World Economic Outlook ;  |v No. 2007/002 
856 4 0 |z Full text available on IMF  |u http://elibrary.imf.org/view/books/081/07982-9781589066885-en/07982-9781589066885-en-book.xml  |z IMF e-Library